|
|
|
|
| LEADER |
01037nta a2200229 i 4500 |
| 001 |
dokt4424 |
| 005 |
20220401090833.0 |
| 008 |
220401s1997 hu om 0|| hun d |
| 040 |
|
|
|a SZTE Doktori Repozitórium
|b hun
|
| 041 |
|
|
|a hun
|
| 100 |
1 |
|
|a Seres József
|
| 245 |
1 |
0 |
|a Kétfokozatú festéklézer-erősítő-rendszer tervezése és alkalmazása
|h [elektronikus dokumentum] :
|b Egyetemi doktori fokozatának PhD fokozattá történő átminősítésére benyújtott tézis /
|c Seres József
|
| 260 |
|
|
|c 1997
|
| 502 |
|
|
|a Disszertacio
|
| 650 |
|
4 |
|a fizikai tudományok
|
| 650 |
|
4 |
|a Természettudományok
|
| 650 |
|
4 |
|a Fizikai tudományok
|
| 695 |
|
|
|a Fizika
|
| 700 |
1 |
|
|a nincs megadva
|e ths
|
| 856 |
4 |
0 |
|u https://doktori.bibl.u-szeged.hu/id/eprint/4424/1/1997_seres_jozsef_tezis.pdf
|z Dokumentum-elérés
|
| 856 |
4 |
0 |
|u https://doktori.bibl.u-szeged.hu/id/eprint/4424/2/1997_seres_jozsef_biralat.pdf
|z Dokumentum-elérés
|
| 856 |
4 |
0 |
|u https://doktori.bibl.u-szeged.hu/id/eprint/4424/3/1997_seres_jozsef_publikaciok.pdf
|z Dokumentum-elérés
|